| 000 | 01111nam a2200277 i 4500 | ||
|---|---|---|---|
| 001 | 6997 | ||
| 003 | ES-MaACL | ||
| 005 | 20230906145134.0 | ||
| 007 | t| | ||
| 008 | 900720r19891952sp ||||1| spa d | ||
| 020 | _a84-7090-213-X | ||
| 080 | _a9(7/8) | ||
| 100 | 1 |
_aBallesteros Gaibrois, Manuel, _d1911-2002 _925056 |
|
| 245 | 1 | 0 |
_aHistoria de América / _cManuel Ballesteros Gaibrois ; ... presentación por José M. Gómez Tabanera. |
| 260 |
_aMadrid : _bIstmo, _c1989. |
||
| 300 |
_aXXII, 706 p. : _bil. ; _c22 cm. |
||
| 490 | 1 |
_aColegio universitario de Ediciones Istmo. Textos redivivos, libros perdurables _78, 8 ; _v8 |
|
| 500 | _aApéndice del autor a la presente reimpresión. | ||
| 504 | _aBibliografía : p. 523-534. | ||
| 534 |
_pReprod. de :, _b-- 2ª ed, _c-- Madrid : Pegaso, 1952. |
||
| 651 | 4 |
_aAmérica- _xHistoria. _97703 |
|
| 700 | 0 |
_aGómez-Tabanera, José Manuel, _d1926-2011 _958165 |
|
| 830 | 0 |
_aColegio universitario de Ediciones Istmo. Textos redivivos, libros perdurables _78, 8 ; _v8 _9227257 |
|
| 852 |
_aES-MaACL _jL-14303 _bR.118200 _z. - rust. |
||
| 999 |
_c6997 _d6997 |
||